000 01078pam a2200325 a 4500
001 8949
003 FISKH
005 20251111093843.0
008 880323s1988 nyua j 000 1 eng
010 _a 88009206
020 _a0689504586 :
020 _a9780689504587
020 _a9788772478227
040 _aDLC
_cDLC
_dDLC
_beng
050 0 0 _aPZ8.A542
_bTi 1988
082 _a839.8136
100 1 _aAndersen, H. C.
_q(Hans Christian),
_d1805-1875.
245 1 4 _aThe tinderbox /
_cHans Christian Andersen ; illustrated by Warwick Hutton.
250 _aThis edition published in 2005
260 _aNew York :
_bM.K. McElderry Books,
_c1988.
300 _a32 unnumbered pages :
_bcolor illustrations ;
_c28 cm
500 _aTranslation of: Fyrtøjet.
520 _aWith the help of a magic tinderbox, a soldier finds a fortune and pursues a princess imprisoned in a castle.
650 1 _aFairy tales.
700 1 _aHutton, Warwick,
_eill.
740 0 _aTinder box.
906 _a7
_bcbc
_corignew
_d1
_eocip
_f19
_gy-gencatlg
942 _2ddc
_cBK
_n0
999 _c8949
_d8949